[Event "ODJM A 2022"]
[Site "Willingen GER"]
[Date "2022.06.08"]
[Round "5"]
[White "Brunner, Tobias"]
[Black "Köhler, Lukas"]
[Result "1/2-1/2"]
[Termination "normal"]
[Board "8"]
[WhiteElo "2007"]
[BlackElo "2099"]
[WhiteClock "00:29:23"]
[BlackClock "00:01:11"]
[PlyCount "132"]
[WhiteFideId "12949833"]
[BlackFideId "16221990"]
[EventCountry "GER"]
[EventRounds "9"]
[EventType "swiss"]
[EventDate "2022.06.04"]

1. e4 {[%clk 1:30:56]} e6 {[%clk 1:30:45]} 2. d4 {[%clk 1:31:14]} d5 {[%clk
1:31:03]} 3. exd5 {[%clk 1:30:58]} exd5 {[%clk 1:31:02]} 4. Bd3 {[%clk
1:31:05]} Bd6 {[%clk 1:31:21]} 5. Nf3 {[%clk 1:31:29]} Ne7 {[%clk 1:31:40]} 6.
Be3 {[%clk 1:31:38]} Nbc6 {[%clk 1:23:45]} 7. c3 {[%clk 1:31:49]} Bg4 {[%clk
1:22:38]} 8. Nbd2 {[%clk 1:31:53]} Qd7 {[%clk 1:20:35]} 9. Qc2 {[%clk 1:29:18]}
Bf5 {[%clk 1:07:44]} 10. O-O-O {[%clk 1:26:07]} O-O {[%clk 0:59:01]} 11. Rdg1
{[%clk 1:22:59]} Bxd3 {[%clk 0:55:42]} 12. Qxd3 {[%clk 1:20:13]} Qf5 {[%clk
0:55:07]} 13. Qe2 {[%clk 1:18:06]} Rab8 {[%clk 0:50:01]} 14. g4 {[%clk
1:12:29]} Qd7 {[%clk 0:49:47]} 15. h4 {[%clk 1:11:39]} f6 {[%clk 0:42:37]} 16.
c4 {[%clk 0:59:30]} Bb4 {[%clk 0:32:22]} 17. Kb1 {[%clk 0:54:20]} dxc4 {[%clk
0:28:55]} 18. Qxc4+ {[%clk 0:54:13]} Qd5 {[%clk 0:27:58]} 19. a3 {[%clk
0:48:32]} Bxd2 {[%clk 0:24:29]} 20. Nxd2 {[%clk 0:48:46]} Qxc4 {[%clk 0:21:12]}
21. Nxc4 {[%clk 0:49:10]} Nd5 {[%clk 0:21:30]} 22. Rd1 {[%clk 0:47:32]} Rfe8
{[%clk 0:20:46]} 23. Rd3 {[%clk 0:44:45]} Kf7 {[%clk 0:18:56]} 24. Rc1 {[%clk
0:40:52]} Re4 {[%clk 0:13:23]} 25. f3 {[%clk 0:38:15]} Re6 {[%clk 0:12:13]} 26.
Bf2 {[%clk 0:38:01]} Ke8 {[%clk 0:09:34]} 27. Bg3 {[%clk 0:34:34]} Kd7 {[%clk
0:08:31]} 28. Nd2 {[%clk 0:30:48]} b6 {[%clk 0:06:32]} 29. Ne4 {[%clk 0:28:41]}
a5 {[%clk 0:05:45]} 30. Nc3 {[%clk 0:27:39]} Nce7 {[%clk 0:04:33]} 31. Ne4
{[%clk 0:23:18]} Rc8 {[%clk 0:03:57]} 32. Rd2 {[%clk 0:22:52]} h6 {[%clk
0:03:46]} 33. Rdc2 {[%clk 0:22:18]} Rc6 {[%clk 0:02:58]} 34. Nc3 {[%clk
0:21:23]} Nxc3+ {[%clk 0:01:03]} 35. bxc3 {[%clk 0:21:46]} Rc4 {[%clk 0:01:01]}
36. Kb2 {[%clk 0:21:13]} a4 {[%clk 0:00:43]} 37. Re1 {[%clk 0:21:07]} Nd5
{[%clk 0:01:03]} 38. Re4 {[%clk 0:19:56]} Ra8 {[%clk 0:00:58]} 39. g5 {[%clk
0:16:16]} hxg5 {[%clk 0:00:56]} 40. hxg5 {[%clk 0:16:41]} Ra5 {[%clk 0:00:47]}
41. Be1 {[%clk 0:14:51]} Rb5+ {[%clk 0:29:50]} 42. Ka2 {[%clk 0:44:00]} Rb3
{[%clk 0:27:56]} 43. Rh4 {[%clk 0:39:17]} Nxc3+ {[%clk 0:21:19]} 44. Bxc3
{[%clk 0:39:31]} Rcxc3 {[%clk 0:21:39]} 45. Rxc3 {[%clk 0:39:56]} Rxc3 {[%clk
0:22:03]} 46. Rh7 {[%clk 0:40:20]} fxg5 {[%clk 0:21:35]} 47. Rxg7+ {[%clk
0:40:38]} Kd6 {[%clk 0:21:55]} 48. Rg6+ {[%clk 0:39:58]} Ke7 {[%clk 0:19:38]}
49. Rxg5 {[%clk 0:38:22]} Rxf3 {[%clk 0:19:54]} 50. Rb5 {[%clk 0:38:18]} Rf2+
{[%clk 0:16:38]} 51. Kb1 {[%clk 0:35:45]} Kd6 {[%clk 0:00:52]} 52. Rb4 {[%clk
0:34:37]} Kd5 {[%clk 0:01:03]} 53. Rxa4 {[%clk 0:35:00]} Rd2 {[%clk 0:01:11]}
54. Ra7 {[%clk 0:34:45]} Kc6 {[%clk 0:01:27]} 55. Ra4 {[%clk 0:34:34]} Kd5
{[%clk 0:01:50]} 56. Ra7 {[%clk 0:34:53]} c6 {[%clk 0:02:07]} 57. Rd7+ {[%clk
0:34:54]} Kc4 {[%clk 0:02:17]} 58. Rd6 {[%clk 0:29:36]} Kb5 {[%clk 0:01:27]}
59. a4+ {[%clk 0:28:28]} Kxa4 {[%clk 0:01:34]} 60. Rxc6 {[%clk 0:28:52]} b5
{[%clk 0:01:25]} 61. Rc2 {[%clk 0:28:15]} Rxd4 {[%clk 0:01:04]} 62. Kb2 {[%clk
0:28:36]} Rb4+ {[%clk 0:01:02]} 63. Ka2 {[%clk 0:29:05]} Rh4 {[%clk 0:01:22]}
64. Kb2 {[%clk 0:29:29]} Kb4 {[%clk 0:00:54]} 65. Rg2 {[%clk 0:29:15]} Kc4
{[%clk 0:01:15]} 66. Rf2 {[%clk 0:29:23]} b4 {[%clk 0:01:11]} 1/2-1/2

[Event "ODJM A 2022"]
[Site "Willingen GER"]
[Date "2022.06.08"]
[Round "5"]
[White "Koll, Linus"]
[Black "Gallasch, Jonas"]
[Result "0-1"]
[Termination "normal"]
[Board "9"]
[WhiteElo "1989"]
[BlackElo "2060"]
[WhiteClock "00:18:31"]
[BlackClock "00:36:27"]
[PlyCount "64"]
[WhiteFideId "12990299"]
[BlackFideId "16222474"]
[EventCountry "GER"]
[EventRounds "9"]
[EventType "swiss"]
[EventDate "2022.06.04"]

1. e4 {[%clk 1:30:58]} c6 {[%clk 1:30:54]} 2. Nf3 {[%clk 1:30:43]} d5 {[%clk
1:31:16]} 3. exd5 {[%clk 1:31:09]} cxd5 {[%clk 1:31:40]} 4. Ne5 {[%clk
1:31:36]} Nc6 {[%clk 1:30:26]} 5. d4 {[%clk 1:32:01]} Nxe5 {[%clk 1:29:21]} 6.
dxe5 {[%clk 1:32:26]} e6 {[%clk 1:29:43]} 7. Bd3 {[%clk 1:32:53]} Qc7 {[%clk
1:27:05]} 8. Qe2 {[%clk 1:29:56]} Bc5 {[%clk 1:20:50]} 9. Nd2 {[%clk 1:24:57]}
Ne7 {[%clk 1:14:59]} 10. Nb3 {[%clk 1:23:05]} Bb6 {[%clk 1:14:02]} 11. O-O
{[%clk 1:22:21]} Nc6 {[%clk 1:08:09]} 12. Re1 {[%clk 1:17:20]} O-O {[%clk
1:05:05]} 13. Bg5 {[%clk 1:06:05]} Nxe5 {[%clk 0:59:42]} 14. Qxe5 {[%clk
0:57:02]} Qxe5 {[%clk 0:59:43]} 15. Rxe5 {[%clk 0:57:27]} f6 {[%clk 1:00:07]}
16. Bxf6 {[%clk 0:57:13]} Rxf6 {[%clk 0:58:36]} 17. Rf1 {[%clk 0:54:27]} Bd7
{[%clk 0:55:45]} 18. c4 {[%clk 0:48:35]} Raf8 {[%clk 0:52:42]} 19. Re2 {[%clk
0:48:17]} Rf4 {[%clk 0:50:59]} 20. c5 {[%clk 0:37:19]} Bc7 {[%clk 0:50:55]} 21.
c6 {[%clk 0:37:40]} Bxc6 {[%clk 0:40:46]} 22. Nc5 {[%clk 0:37:58]} e5 {[%clk
0:40:51]} 23. Ne6 {[%clk 0:36:46]} e4 {[%clk 0:41:12]} 24. Bb1 {[%clk 0:29:20]}
Bb5 {[%clk 0:40:38]} 25. Rc2 {[%clk 0:27:57]} Bxf1 {[%clk 0:39:52]} 26. Kxf1
{[%clk 0:25:41]} Bb6 {[%clk 0:39:36]} 27. Nxf4 {[%clk 0:25:27]} Rxf4 {[%clk
0:40:02]} 28. g3 {[%clk 0:21:20]} Rf3 {[%clk 0:38:05]} 29. Kg2 {[%clk 0:21:42]}
Kf7 {[%clk 0:37:23]} 30. Rc8 {[%clk 0:18:28]} Rxf2+ {[%clk 0:37:10]} 31. Kh3
{[%clk 0:18:17]} Rxb2 {[%clk 0:37:09]} 32. Bc2 {[%clk 0:18:31]} e3 {[%clk
0:36:27]} 0-1

[Event "ODJM A 2022"]
[Site "Willingen GER"]
[Date "2022.06.08"]
[Round "5"]
[White "François, Yannick"]
[Black "Irkilmez, Yakub"]
[Result "1/2-1/2"]
[Termination "normal"]
[Board "11"]
[WhiteElo "1867"]
[BlackElo "2169"]
[WhiteClock "00:41:13"]
[BlackClock "00:09:20"]
[PlyCount "199"]
[WhiteFideId "16200918"]
[BlackFideId "16204581"]
[EventCountry "GER"]
[EventRounds "9"]
[EventType "swiss"]
[EventDate "2022.06.04"]

1. c4 {[%clk 1:30:53]} c5 {[%clk 1:30:09]} 2. Nc3 {[%clk 1:31:12]} Nf6 {[%clk
1:30:21]} 3. e4 {[%clk 1:31:06]} Nc6 {[%clk 1:26:49]} 4. g3 {[%clk 1:31:10]} e6
{[%clk 1:27:03]} 5. Bg2 {[%clk 1:31:26]} d5 {[%clk 1:27:20]} 6. exd5 {[%clk
1:30:41]} exd5 {[%clk 1:25:47]} 7. cxd5 {[%clk 1:31:01]} Nb4 {[%clk 1:26:11]}
8. d3 {[%clk 1:31:22]} Be7 {[%clk 1:26:10]} 9. Nge2 {[%clk 1:30:03]} Nbxd5
{[%clk 1:11:40]} 10. O-O {[%clk 1:29:50]} O-O {[%clk 1:11:32]} 11. Nf4 {[%clk
1:29:34]} Nb4 {[%clk 1:01:06]} 12. h3 {[%clk 1:26:26]} Bf5 {[%clk 0:38:26]} 13.
Bxb7 {[%clk 1:22:08]} Rb8 {[%clk 0:32:10]} 14. Be4 {[%clk 1:21:34]} Qc8 {[%clk
0:22:58]} 15. Bxf5 {[%clk 1:17:40]} Qxf5 {[%clk 0:23:20]} 16. Qe2 {[%clk
1:17:43]} Rfe8 {[%clk 0:23:18]} 17. Ne4 {[%clk 1:17:14]} Rbd8 {[%clk 0:22:09]}
18. Re1 {[%clk 1:16:20]} Nfd5 {[%clk 0:18:36]} 19. Nxd5 {[%clk 1:13:07]} Qxd5
{[%clk 0:17:37]} 20. Be3 {[%clk 1:12:17]} Nxd3 {[%clk 0:16:59]} 21. Nc3 {[%clk
1:12:17]} Qb7 {[%clk 0:13:17]} 22. Red1 {[%clk 1:10:18]} c4 {[%clk 0:09:40]}
23. Rd2 {[%clk 1:08:09]} Bf6 {[%clk 0:08:32]} 24. Rad1 {[%clk 1:06:58]} Bxc3
{[%clk 0:05:01]} 25. bxc3 {[%clk 1:07:16]} Qc8 {[%clk 0:02:00]} 26. Qg4 {[%clk
1:06:09]} Qxg4 {[%clk 0:00:48]} 27. hxg4 {[%clk 1:06:33]} a6 {[%clk 0:01:06]}
28. Rb1 {[%clk 1:05:16]} Rb8 {[%clk 0:01:24]} 29. Rxb8 {[%clk 1:04:23]} Rxb8
{[%clk 0:01:49]} 30. Kg2 {[%clk 1:03:04]} f6 {[%clk 0:01:47]} 31. f4 {[%clk
1:01:29]} Kf7 {[%clk 0:01:16]} 32. Kf3 {[%clk 1:01:07]} Rd8 {[%clk 0:01:07]}
33. Bd4 {[%clk 1:00:30]} Re8 {[%clk 0:00:57]} 34. Re2 {[%clk 0:56:53]} Rxe2
{[%clk 0:00:49]} 35. Kxe2 {[%clk 0:57:17]} Ke6 {[%clk 0:01:06]} 36. Ke3 {[%clk
0:56:03]} g6 {[%clk 0:01:00]} 37. Bb6 {[%clk 0:55:32]} Kd5 {[%clk 0:01:10]} 38.
Bd4 {[%clk 0:55:09]} f5 {[%clk 0:00:54]} 39. gxf5 {[%clk 0:55:26]} gxf5 {[%clk
0:01:20]} 40. Bb6 {[%clk 0:55:18]} Nb2 {[%clk 0:00:41]} 41. Bd8 {[%clk
0:53:41]} Nd1+ {[%clk 0:29:52]} 42. Kd2 Nf2 {[%clk 0:28:23]} 43. Bh4 {[%clk
1:21:19]} Ke4 {[%clk 0:25:09]} 44. Ke2 Nd3 {[%clk 0:24:22]} 45. Bg5 {[%clk
1:17:18]} Nc5 {[%clk 0:19:21]} 46. Be7 {[%clk 1:14:59]} Na4 {[%clk 0:18:58]}
47. Bf6 {[%clk 1:15:05]} Nb6 {[%clk 0:19:20]} 48. Bd8 {[%clk 1:14:05]} Nd5
{[%clk 0:19:42]} 49. Ba5 {[%clk 1:14:01]} h6 {[%clk 0:16:26]} 50. a3 {[%clk
1:14:17]} h5 {[%clk 0:16:36]} 51. Bb4 {[%clk 1:13:02]} h4 {[%clk 0:16:37]} 52.
gxh4 {[%clk 1:12:40]} Kxf4 {[%clk 0:16:40]} 53. Bd6+ {[%clk 1:11:49]} Kg4
{[%clk 0:17:02]} 54. Be5 {[%clk 1:12:00]} Kxh4 {[%clk 0:17:22]} 55. Kf3 {[%clk
1:12:25]} Kg5 {[%clk 0:17:39]} 56. Bd4 {[%clk 1:08:18]} Kg6 {[%clk 0:15:23]}
57. Kg3 {[%clk 1:08:18]} Kf7 {[%clk 0:15:39]} 58. a4 {[%clk 1:07:25]} Nc7
{[%clk 0:15:15]} 59. Kf3 {[%clk 1:06:00]} Ke6 {[%clk 0:15:21]} 60. Be3 {[%clk
1:03:54]} Kd5 {[%clk 0:09:07]} 61. a5 {[%clk 1:03:34]} Ne6 {[%clk 0:09:26]} 62.
Bb6 {[%clk 1:03:34]} Kc6 {[%clk 0:09:34]} 63. Ke3 {[%clk 1:02:55]} Kb5 {[%clk
0:09:58]} 64. Kd2 {[%clk 1:01:04]} Ng5 {[%clk 0:09:41]} 65. Ke3 Ne4 {[%clk
0:09:54]} 66. Kf4 {[%clk 1:01:07]} Nxc3 {[%clk 0:10:03]} 67. Kxf5 {[%clk
1:01:31]} Nd5 {[%clk 0:09:52]} 68. Ke4 {[%clk 1:01:32]} Nb4 {[%clk 0:10:16]}
69. Bc7 {[%clk 1:00:28]} c3 {[%clk 0:10:28]} 70. Kd4 {[%clk 1:00:32]} c2 {[%clk
0:10:07]} 71. Bf4 {[%clk 1:00:54]} Ka4 {[%clk 0:10:27]} 72. Bd2 {[%clk
0:59:50]} Kxa5 73. Kc3 {[%clk 0:57:59]} Ka4 {[%clk 0:08:33]} 74. Kb2 {[%clk
0:58:18]} a5 {[%clk 0:08:53]} 75. Bc3 {[%clk 0:53:43]} c1=Q+ {[%clk 0:08:08]}
76. Kxc1 {[%clk 0:54:09]} Kb3 {[%clk 0:08:08]} 77. Bg7 {[%clk 0:51:25]} a4
{[%clk 0:08:47]} 78. Bf8 {[%clk 0:49:56]} a3 {[%clk 0:09:04]} 79. Bg7 {[%clk
0:47:30]} Nd3+ {[%clk 0:08:58]} 80. Kd2 Nb2 {[%clk 0:09:00]} 81. Kc1 {[%clk
0:47:15]} Na4 {[%clk 0:08:31]} 82. Bf6 {[%clk 0:46:34]} Nc5 {[%clk 0:08:47]}
83. Bg7 {[%clk 0:44:48]} Ne4 {[%clk 0:08:22]} 84. Bh8 {[%clk 0:43:47]} Ng3
{[%clk 0:08:35]} 85. Bg7 {[%clk 0:42:35]} Ne2+ {[%clk 0:08:50]} 86. Kd2 {[%clk
0:42:55]} Nf4 {[%clk 0:09:14]} 87. Bh8 {[%clk 0:42:23]} Nd5 {[%clk 0:09:01]}
88. Kc1 {[%clk 0:41:39]} Nb4 {[%clk 0:08:20]} 89. Bg7 {[%clk 0:41:27]} Nd3+
{[%clk 0:08:27]} 90. Kd2 {[%clk 0:41:46]} Nc5 {[%clk 0:08:25]} 91. Bh8 {[%clk
0:41:19]} Na4 {[%clk 0:07:51]} 92. Kc1 {[%clk 0:39:45]} a2 {[%clk 0:08:07]} 93.
Ba1 {[%clk 0:39:51]} Nc3 {[%clk 0:08:30]} 94. Kd2 Ne4+ {[%clk 0:08:39]} 95. Kd1
{[%clk 0:39:59]} Nc5 {[%clk 0:07:57]} 96. Kd2 {[%clk 0:40:09]} Ka3 {[%clk
0:08:20]} 97. Kc2 {[%clk 0:40:21]} Nb3 {[%clk 0:08:40]} 98. Bb2+ {[%clk
0:40:38]} Ka4 {[%clk 0:09:05]} 99. Ba1 {[%clk 0:40:46]} Nxa1+ {[%clk 0:09:20]}
100. Kb2 {[%clk 0:41:13]} 1-0

[Event "ODJM A 2022"]
[Site "Willingen GER"]
[Date "2022.06.08"]
[Round "5"]
[White "Terhuven, Patrick"]
[Black "Zha, Kevin"]
[Result "1-0"]
[Termination "normal"]
[Board "12"]
[WhiteElo "2175"]
[BlackElo "1835"]
[WhiteClock "00:15:54"]
[BlackClock "00:12:53"]
[PlyCount "105"]
[WhiteFideId "12919098"]
[BlackFideId "16208951"]
[EventCountry "GER"]
[EventRounds "9"]
[EventType "swiss"]
[EventDate "2022.06.04"]

1. Nf3 {[%clk 1:30:59]} g6 {[%clk 1:30:51]} 2. d4 {[%clk 1:31:18]} Bg7 {[%clk
1:31:17]} 3. g3 {[%clk 1:31:41]} d6 {[%clk 1:31:09]} 4. Bg2 {[%clk 1:32:04]}
Nf6 {[%clk 1:30:41]} 5. b3 {[%clk 1:32:24]} O-O {[%clk 1:30:54]} 6. Bb2 {[%clk
1:32:50]} c6 {[%clk 1:29:57]} 7. O-O {[%clk 1:33:12]} Nbd7 {[%clk 1:30:08]} 8.
Nbd2 {[%clk 1:31:49]} Qc7 {[%clk 1:29:37]} 9. e4 {[%clk 1:31:05]} Rb8 {[%clk
1:12:50]} 10. a4 {[%clk 1:26:41]} d5 {[%clk 1:01:27]} 11. e5 {[%clk 1:26:00]}
Ng4 {[%clk 0:49:42]} 12. h3 {[%clk 1:24:20]} Nh6 {[%clk 0:49:34]} 13. Qe2
{[%clk 1:20:44]} b5 {[%clk 0:42:02]} 14. e6 {[%clk 1:17:34]} Nf6 {[%clk
0:39:29]} 15. g4 {[%clk 1:15:36]} Ne8 {[%clk 0:39:47]} 16. exf7+ {[%clk
1:13:51]} Nxf7 {[%clk 0:40:08]} 17. Rfe1 {[%clk 1:10:36]} e6 {[%clk 0:35:52]}
18. Nf1 {[%clk 1:00:42]} Ned6 {[%clk 0:33:09]} 19. Ng3 {[%clk 1:00:26]} Bd7
{[%clk 0:22:40]} 20. Qd2 {[%clk 0:54:44]} Rbe8 {[%clk 0:15:55]} 21. axb5 {[%clk
0:52:25]} cxb5 {[%clk 0:14:27]} 22. Ba3 {[%clk 0:50:16]} Ra8 {[%clk 0:10:15]}
23. Bb4 {[%clk 0:45:32]} Rfc8 {[%clk 0:10:26]} 24. Ra6 {[%clk 0:40:35]} Nb7
{[%clk 0:09:37]} 25. c3 {[%clk 0:39:01]} Nbd8 {[%clk 0:07:27]} 26. Rea1 {[%clk
0:36:59]} Nc6 {[%clk 0:07:19]} 27. Bc5 {[%clk 0:36:24]} Bf8 {[%clk 0:07:27]}
28. b4 {[%clk 0:35:24]} Bxc5 {[%clk 0:05:50]} 29. dxc5 {[%clk 0:35:39]} Re8
{[%clk 0:05:50]} 30. Nd4 {[%clk 0:33:22]} Nb8 {[%clk 0:04:36]} 31. R6a5 {[%clk
0:28:21]} a6 {[%clk 0:03:36]} 32. f4 {[%clk 0:13:57]} Ra7 {[%clk 0:03:26]} 33.
Qe3 {[%clk 0:12:55]} Re7 {[%clk 0:01:29]} 34. f5 {[%clk 0:11:40]} Qc8 {[%clk
0:00:58]} 35. f6 {[%clk 0:07:20]} Re8 {[%clk 0:01:25]} 36. Nxb5 {[%clk
0:06:51]} Bxb5 {[%clk 0:01:37]} 37. Rxb5 {[%clk 0:07:19]} Nc6 {[%clk 0:01:42]}
38. Rb6 {[%clk 0:07:05]} Nce5 {[%clk 0:02:11]} 39. Bf1 {[%clk 0:06:38]} Qd8
{[%clk 0:01:38]} 40. Raxa6 {[%clk 0:01:56]} Rxa6 {[%clk 0:01:58]} 41. Rxa6
{[%clk 0:02:00]} Qxf6 {[%clk 0:28:34]} 42. Be2 {[%clk 0:31:20]} Ng5 {[%clk
0:27:32]} 43. Kg2 {[%clk 0:30:18]} Rf8 {[%clk 0:27:17]} 44. b5 {[%clk 0:29:11]}
Nef3 {[%clk 0:26:35]} 45. Bxf3 {[%clk 0:28:24]} Nxf3 {[%clk 0:26:58]} 46. Qxe6+
{[%clk 0:28:27]} Qxe6 {[%clk 0:27:24]} 47. Rxe6 {[%clk 0:28:51]} Nh4+ {[%clk
0:27:50]} 48. Kg1 {[%clk 0:26:35]} Nf3+ {[%clk 0:28:09]} 49. Kh1 {[%clk
0:26:26]} d4 {[%clk 0:27:31]} 50. Ne4 {[%clk 0:21:37]} d3 {[%clk 0:13:09]} 51.
Rd6 {[%clk 0:20:48]} Ra8 {[%clk 0:13:00]} 52. Kg2 {[%clk 0:18:08]} Ne5 {[%clk
0:12:53]} 53. c6 {[%clk 0:15:54]} 1-0

[Event "ODJM A 2022"]
[Site "Willingen GER"]
[Date "2022.06.08"]
[Round "5"]
[White "Frohnhäuser, Simon"]
[Black "Garbuz, Vitaly"]
[Result "0-1"]
[Termination "normal"]
[Board "13"]
[WhiteElo "1944"]
[BlackElo "2134"]
[WhiteClock "00:00:34"]
[BlackClock "00:16:41"]
[PlyCount "128"]
[WhiteFideId "16208528"]
[BlackFideId "12990710"]
[EventCountry "GER"]
[EventRounds "9"]
[EventType "swiss"]
[EventDate "2022.06.04"]

1. e4 {[%clk 1:30:50]} c5 {[%clk 1:30:16]} 2. Nf3 {[%clk 1:31:09]} Nc6 {[%clk
1:30:33]} 3. d4 {[%clk 1:31:36]} cxd4 {[%clk 1:30:37]} 4. Nxd4 {[%clk 1:32:01]}
g6 {[%clk 1:31:01]} 5. Nc3 {[%clk 1:32:27]} Bg7 {[%clk 1:31:22]} 6. Be3 {[%clk
1:32:52]} Nf6 {[%clk 1:31:42]} 7. Bc4 {[%clk 1:33:08]} O-O {[%clk 1:32:05]} 8.
Bb3 {[%clk 1:33:08]} Re8 {[%clk 1:32:10]} 9. f3 {[%clk 1:31:39]} e6 {[%clk
1:32:31]} 10. Qd2 {[%clk 1:30:14]} d5 {[%clk 1:29:01]} 11. exd5 {[%clk
1:30:34]} Nxd5 {[%clk 1:28:51]} 12. Nxd5 {[%clk 1:28:40]} exd5 {[%clk 1:07:24]}
13. O-O-O {[%clk 1:21:50]} Na5 {[%clk 0:51:03]} 14. Rhe1 {[%clk 1:11:54]} Nxb3+
{[%clk 0:50:12]} 15. Nxb3 {[%clk 1:12:18]} Bf5 {[%clk 0:49:43]} 16. g4 {[%clk
1:10:57]} Be6 {[%clk 0:48:41]} 17. Bd4 {[%clk 1:10:03]} Rc8 {[%clk 0:48:29]}
18. Bxg7 {[%clk 1:06:31]} Kxg7 {[%clk 0:48:52]} 19. Qd4+ {[%clk 1:06:52]} Kg8
{[%clk 0:48:19]} 20. Qf4 {[%clk 1:03:37]} Qh4 {[%clk 0:39:35]} 21. Nd4 {[%clk
0:48:07]} Rc4 {[%clk 0:39:31]} 22. Kb1 {[%clk 0:45:10]} h5 {[%clk 0:37:13]} 23.
Re2 {[%clk 0:36:25]} hxg4 {[%clk 0:35:36]} 24. fxg4 {[%clk 0:36:44]} Rec8
{[%clk 0:33:32]} 25. Rg2 {[%clk 0:30:23]} Re8 {[%clk 0:25:56]} 26. Qe5 {[%clk
0:25:03]} Qh8 {[%clk 0:25:17]} 27. Qxh8+ {[%clk 0:20:44]} Kxh8 {[%clk 0:25:38]}
28. Re2 {[%clk 0:20:47]} Kg7 {[%clk 0:25:18]} 29. h3 {[%clk 0:18:38]} Rh8
{[%clk 0:24:05]} 30. Rd3 {[%clk 0:15:23]} Bxg4 {[%clk 0:23:41]} 31. Ree3 {[%clk
0:09:03]} Bd7 {[%clk 0:23:25]} 32. b3 {[%clk 0:09:18]} Rb4 {[%clk 0:21:58]} 33.
a3 {[%clk 0:07:39]} Rb6 {[%clk 0:22:19]} 34. Kb2 {[%clk 0:07:50]} Rf6 {[%clk
0:22:17]} 35. Rg3 {[%clk 0:03:31]} Rf2 {[%clk 0:21:56]} 36. Rc3 {[%clk
0:02:08]} Rf4 {[%clk 0:19:31]} 37. Rc7 {[%clk 0:01:50]} Bc8 {[%clk 0:17:11]}
38. Nb5 {[%clk 0:01:05]} Rxh3 {[%clk 0:16:28]} 39. Rg5 {[%clk 0:01:31]} Be6
{[%clk 0:15:50]} 40. Rxb7 {[%clk 0:01:11]} Kh6 {[%clk 0:15:12]} 41. Rg2 {[%clk
0:00:36]} d4 {[%clk 0:03:40]} 42. Rxa7 {[%clk 0:26:05]} d3 {[%clk 0:33:41]} 43.
cxd3 {[%clk 0:24:32]} Rxd3 {[%clk 0:34:04]} 44. Nc3 {[%clk 0:23:47]} g5 {[%clk
0:33:00]} 45. Ra8 {[%clk 0:22:17]} g4 {[%clk 0:32:41]} 46. Rg8 {[%clk 0:12:03]}
f6 {[%clk 0:31:36]} 47. Re8 {[%clk 0:11:52]} Bd7 {[%clk 0:28:53]} 48. Rh8+
{[%clk 0:10:19]} Kg7 {[%clk 0:28:45]} 49. Rd8 {[%clk 0:10:05]} f5 {[%clk
0:25:33]} 50. Ne2 {[%clk 0:06:01]} Rff3 {[%clk 0:24:32]} 51. Nc1 {[%clk
0:06:19]} Rd5 {[%clk 0:24:14]} 52. Re2 {[%clk 0:05:32]} Kf7 {[%clk 0:22:25]}
53. Rh2 {[%clk 0:05:20]} Rh3 {[%clk 0:20:29]} 54. Rc2 {[%clk 0:04:04]} f4
{[%clk 0:19:56]} 55. Ne2 {[%clk 0:04:07]} Rf3 {[%clk 0:19:00]} 56. Nc3 {[%clk
0:03:47]} Rdd3 {[%clk 0:19:15]} 57. Rh2 {[%clk 0:03:18]} Ke7 {[%clk 0:18:01]}
58. Rdh8 {[%clk 0:00:53]} Rxc3 {[%clk 0:18:13]} 59. R2h7+ {[%clk 0:01:17]} Ke6
{[%clk 0:17:20]} 60. Rh6+ {[%clk 0:01:26]} Ke5 {[%clk 0:17:39]} 61. Rh5+ {[%clk
0:00:45]} Ke4 {[%clk 0:17:18]} 62. Rb8 {[%clk 0:00:48]} Rcd3 {[%clk 0:16:42]}
63. Ra8 {[%clk 0:00:36]} Rd2+ {[%clk 0:16:17]} 64. Kc1 {[%clk 0:00:34]} Rg2
{[%clk 0:16:41]} 0-1

[Event "ODJM A 2022"]
[Site "Willingen GER"]
[Date "2022.06.08"]
[Round "5"]
[White "Kracht, Raphael"]
[Black "Fuchs, Florian"]
[Result "1-0"]
[Termination "normal"]
[Board "14"]
[WhiteElo "2086"]
[BlackElo "1920"]
[WhiteClock "00:40:41"]
[BlackClock "00:22:42"]
[PlyCount "59"]
[WhiteFideId "16214382"]
[BlackFideId "16213351"]
[EventCountry "GER"]
[EventRounds "9"]
[EventType "swiss"]
[EventDate "2022.06.04"]

1. e4 {[%clk 1:29:26]} c5 {[%clk 1:30:57]} 2. d4 {[%clk 1:29:48]} cxd4 {[%clk
1:31:24]} 3. c3 {[%clk 1:30:13]} e5 {[%clk 1:31:51]} 4. Nf3 {[%clk 1:30:19]}
Nc6 {[%clk 1:32:18]} 5. Bc4 {[%clk 1:30:41]} Nf6 {[%clk 1:32:45]} 6. Ng5 {[%clk
1:30:01]} d5 {[%clk 1:33:12]} 7. exd5 {[%clk 1:30:24]} Nxd5 {[%clk 1:33:39]} 8.
Qf3 {[%clk 1:27:29]} Be6 {[%clk 1:33:47]} 9. O-O {[%clk 1:26:50]} Qd7 {[%clk
1:28:40]} 10. Nxe6 {[%clk 1:24:05]} fxe6 {[%clk 1:28:46]} 11. Nd2 {[%clk
1:24:28]} Qf7 {[%clk 1:28:28]} 12. Qg3 {[%clk 1:23:38]} Be7 {[%clk 1:20:50]}
13. Ne4 {[%clk 1:23:52]} O-O {[%clk 1:20:28]} 14. Bg5 {[%clk 1:19:12]} Na5
{[%clk 0:58:17]} 15. Bd3 {[%clk 1:07:47]} Nf4 {[%clk 0:57:42]} 16. Rad1 {[%clk
1:04:55]} Nxd3 {[%clk 0:52:02]} 17. Rxd3 {[%clk 1:05:20]} Bxg5 {[%clk 0:51:38]}
18. Qxg5 {[%clk 0:53:43]} Qf5 {[%clk 0:35:12]} 19. Re1 {[%clk 0:53:45]} Qxg5
{[%clk 0:34:41]} 20. Nxg5 {[%clk 0:54:09]} Nc4 {[%clk 0:35:08]} 21. cxd4 {[%clk
0:53:44]} Rfd8 {[%clk 0:31:13]} 22. b3 {[%clk 0:50:54]} Na5 {[%clk 0:27:29]}
23. Nxe6 {[%clk 0:46:20]} Rd6 {[%clk 0:26:44]} 24. d5 {[%clk 0:45:43]} Rc8
{[%clk 0:24:45]} 25. h4 {[%clk 0:39:40]} Rc2 {[%clk 0:24:32]} 26. Rf3 {[%clk
0:39:56]} h5 {[%clk 0:23:20]} 27. Rf8+ {[%clk 0:40:10]} Kh7 {[%clk 0:23:45]}
28. Rxe5 {[%clk 0:40:36]} Rxa2 {[%clk 0:22:16]} 29. Rxh5+ {[%clk 0:40:41]} Kg6
{[%clk 0:22:42]} 30. Nf4# 1-0